Berühmte Deutsche nach Geburtsjahr 1900-1919 - Statistiken

Allgemein
  • Dieses Quiz wurde 69 mal gespielt
  • Das Durchschnittsergebnis liegt bei 9 aus 20
Antwortstatistiken
Jahr Hinweis Person % Korrekt
1900 Gründer eines Sportartikelherstellers Adolf Dassler
90%
1913 Bundeskanzler von 1969 bis 1974 Willy Brandt
88%
1918 Bundeskanzler von 1974 bis 1982 Helmut Schmidt
85%
1902 Schauspieler ("Die Feuerzangenbowle") Heinz Rühmann
64%
1904 Bundeskanzler von 1966 bis 1969 Kurt Georg Kiesinger
64%
1915 Fußballtrainer, Weltmeister 1974 Helmut Schön
58%
1910 Computer-Pionier Konrad Zuse
54%
1909 Kölner Volksschauspieler Willy Millowitsch
46%
1914 Hamburger Volksschauspielerin Heidi Kabel
44%
1901 Sängerin und Hollywood-Schauspielerin ("Marokko") Marlene Dietrich
44%
1907 DDR-Minister für Staatssicherheit Erich Mielke
41%
1919 Bundespräsident von 1974 bis 1979 Walter Scheel
41%
1906 Theologischer NS-Widerstandskämpfer Dietrich Bonhoeffer
36%
1912 Raketenpionier Wernher von Braun
29%
1917 Schriftsteller ("Die verlorene Ehre der Katharina Blum") Heinrich Böll
27%
1905 Sängerin ("Lili Marleen", "Ein Schiff wird kommen") Lale Andersen
27%
1903 Philosoph der Frankfurter Schule Theodor W. Adorno
24%
1916 Schlagersänger ("Tanze mit mir in den Morgen") Gerhard Wendland
12%
1908 Gründer eines Elektronikkonzerns Max Grundig
8%
1911 Medizin-Nobelpreisträger 1964 Feodor Lynen
3%
Keine übereinstimmenden Quizze gefunden
Verteilung der Resultate
Anzahl Personen mit jedem Resultat
Perzentil nach korrekt beantworteten Fragen
Ihre Resultats-Entwicklung
Sie haben dieses Quiz noch nicht gespielt